[Event "5. Open Memorial Pedro Lezcano 2012"]
[Site "Gran Canaria ESP"]
[Date "2012.04.02"]
[Round "1.29"]
[White "Suarez Ramirez, Jonay"]
[Black "Leon Varela, Luis"]
[Result "0-1"]
[WhiteElo "1492"]
[BlackElo "2190"]
[PlyCount "42"]
[EventDate "2012.04.02"]
[EventType "swiss"]
[EventRounds "9"]
[EventCountry "ESP"]
[Source "lmi"]
[SourceDate "2012.04.02"]

1. d4 d5 2. c4 c6 3. Nc3 Nf6 4. Nf3 e6 5. Bg5 dxc4 6. e3 b5 7. Be2 Bb7 8. O-O
Bb4 9. Ne4 Nbd7 10. a3 Be7 11. Ng3 O-O 12. Rc1 a6 13. Re1 c5 14. Qd2 Ne4 15.
Nxe4 Bxe4 16. Bf4 Qb6 17. dxc5 Nxc5 18. Qc3 f6 19. Nd2 Bg6 20. Red1 e5 21. Bg3
Na4 0-1

[Event "5. Open Memorial Pedro Lezcano 2012"]
[Site "Gran Canaria ESP"]
[Date "2012.04.02"]
[Round "1.30"]
[White "Martin Hernandez, Ruben"]
[Black "Manchon Santana, Alberto"]
[Result "1-0"]
[WhiteElo "2182"]
[BlackElo "1475"]
[PlyCount "69"]
[EventDate "2012.04.02"]
[EventType "swiss"]
[EventRounds "9"]
[EventCountry "ESP"]
[Source "lmi"]
[SourceDate "2012.04.02"]

1. c4 Nf6 2. g3 c5 3. Nf3 g6 4. d4 cxd4 5. Nxd4 Nc6 6. Bg2 Bg7 7. Nc3 O-O 8.
O-O a6 9. h3 Qc7 10. b3 e6 11. Bb2 Rd8 12. Rc1 b6 13. e3 Bb7 14. Nd5 exd5 15.
cxd5 Rac8 16. dxc6 dxc6 17. Qf3 Nd5 18. Qe2 c5 19. Nf3 Nf6 20. Rfd1 Qe7 21. Ne1
b5 22. Rxd8+ Rxd8 23. Bxb7 Qxb7 24. Bxf6 Bxf6 25. Rxc5 Qb6 26. Qc2 Qa5 27. Nf3
Kg7 28. Kg2 Qb6 29. e4 Rd7 30. a4 bxa4 31. bxa4 Qb2 32. e5 Qxc2 33. exf6+ Kxf6
34. Rxc2 Rd5 35. Rc6+ 1-0

[Event "5. Open Memorial Pedro Lezcano 2012"]
[Site "Gran Canaria ESP"]
[Date "2012.04.02"]
[Round "1.31"]
[White "Diaz Martin, Carolina"]
[Black "Vega Gutierrez, Belinda"]
[Result "0-1"]
[WhiteElo "1469"]
[BlackElo "2177"]
[PlyCount "36"]
[EventDate "2012.04.02"]
[EventType "swiss"]
[EventRounds "9"]
[EventCountry "ESP"]
[Source "lmi"]
[SourceDate "2012.04.02"]

1. e4 e5 2. Nf3 Nc6 3. Bc4 Nf6 4. d3 Be7 5. c3 O-O 6. Bb3 d5 7. Nbd2 Be6 8. O-O
dxe4 9. Nxe4 Bxb3 10. Qxb3 Rb8 11. Qd1 Qd5 12. Re1 Rfd8 13. Nxf6+ Bxf6 14. Re3
e4 15. Ne1 Ne5 16. d4 Nc4 17. Rg3 c5 18. dxc5 Qxd1 0-1

[Event "5. Open Memorial Pedro Lezcano 2012"]
[Site "Gran Canaria ESP"]
[Date "2012.04.02"]
[Round "1.32"]
[White "Navarro Molina, David"]
[Black "Guerrero Orihuela, Jose Luis"]
[Result "1-0"]
[WhiteElo "2168"]
[BlackElo "1463"]
[PlyCount "69"]
[EventDate "2012.04.02"]
[EventType "swiss"]
[EventRounds "9"]
[EventCountry "ESP"]
[Source "lmi"]
[SourceDate "2012.04.02"]

1. b3 Nf6 2. Bb2 Nc6 3. Nf3 d5 4. e3 g6 5. c4 dxc4 6. Bxc4 Bg7 7. O-O O-O 8. h3
Bf5 9. d4 Rc8 10. Qe2 Na5 11. Nbd2 Nxc4 12. bxc4 Ne4 13. Nxe4 Bxe4 14. Nd2 Bf5
15. e4 Be6 16. Rab1 Bxd4 17. Nf3 Bxb2 18. Rxb2 Rb8 19. Rd1 Qc8 20. c5 Rd8 21.
Rdb1 c6 22. a4 Qc7 23. Qe3 Bc4 24. Rb4 Ba6 25. Qh6 f6 26. e5 Rd5 27. Rh4 e6 28.
exf6 Rbd8 29. g3 Rd1+ 30. Rxd1 Rxd1+ 31. Kg2 Bf1+ 32. Kh2 Qf7 33. Ng5 Qxf6 34.
Qxh7+ Kf8 35. Rf4 1-0

[Event "5. Open Memorial Pedro Lezcano 2012"]
[Site "Gran Canaria ESP"]
[Date "2012.04.02"]
[Round "1.33"]
[White "Bordon Sanchez, Jose Domingo"]
[Black "Rodriguez Ferraz, Borja"]
[Result "0-1"]
[WhiteElo "1448"]
[BlackElo "2149"]
[PlyCount "72"]
[EventDate "2012.04.02"]
[EventType "swiss"]
[EventRounds "9"]
[EventCountry "ESP"]
[Source "lmi"]
[SourceDate "2012.04.02"]

1. e4 e5 2. Nf3 Nc6 3. Bc4 Nf6 4. d3 Bc5 5. Bg5 d6 6. h3 h6 7. Bh4 Be6 8. Nc3
Bxc4 9. dxc4 g5 10. Bg3 Qd7 11. Nd5 Nxd5 12. Qxd5 O-O-O 13. a3 Bb6 14. O-O-O f5
15. exf5 Qxf5 16. Nd2 Nd4 17. Qe4 Rhf8 18. f3 Ne6 19. Rhf1 Nf4 20. Bxf4 gxf4
21. Qe2 Rg8 22. Kb1 Qg6 23. Rh1 Qxg2 24. Qe4 Be3 25. Nb3 Qg6 26. Qd5 Qf5 27.
Na5 c6 28. Nxc6 bxc6 29. Qxc6+ Kb8 30. Qb5+ Bb6 31. a4 Qd7 32. Qb3 Qb7 33. Rd5
Bc5 34. Qd3 Rc8 35. c3 Qb3 36. a5 Rg2 0-1

[Event "5. Open Memorial Pedro Lezcano 2012"]
[Site "Gran Canaria ESP"]
[Date "2012.04.02"]
[Round "1.34"]
[White "Molina Rodriguez, Borja"]
[Black "Suarez Fleitas, Alberto"]
[Result "1-0"]
[WhiteElo "2141"]
[BlackElo "1441"]
[PlyCount "59"]
[EventDate "2012.04.02"]
[EventType "swiss"]
[EventRounds "9"]
[EventCountry "ESP"]
[Source "lmi"]
[SourceDate "2012.04.02"]

1. e4 e6 2. d4 d5 3. Nc3 dxe4 4. Nxe4 Be7 5. Nf3 Nf6 6. Nxf6+ Bxf6 7. Bd3 O-O
8. c3 b6 9. Be4 c6 10. Qc2 h6 11. Bf4 Bb7 12. h4 Be7 13. O-O-O Nd7 14. Kb1 Nf6
15. Bd3 Bd6 16. Ne5 Rc8 17. Qe2 Qe7 18. Rh3 Nd5 19. Bd2 Bxe5 20. dxe5 f5 21.
exf6 Qxf6 22. Rf3 Qe7 23. Rxf8+ Rxf8 24. g3 Bc8 25. f4 Qf7 26. c4 Ne7 27. g4
Ng6 28. Qe4 Rd8 29. Qxg6 Qxg6 30. Bxg6 1-0

[Event "5. Open Memorial Pedro Lezcano 2012"]
[Site "Gran Canaria ESP"]
[Date "2012.04.02"]
[Round "1.35"]
[White "Garcia Cruz, Jose Manuel"]
[Black "Acosta Sosa, Juan Manuel"]
[Result "0-1"]
[WhiteElo "1408"]
[BlackElo "2141"]
[PlyCount "40"]
[EventDate "2012.04.02"]
[EventType "swiss"]
[EventRounds "9"]
[EventCountry "ESP"]
[Source "lmi"]
[SourceDate "2012.04.02"]

1. e4 c5 2. Nf3 Nc6 3. d4 cxd4 4. Nxd4 g6 5. Nc3 Bg7 6. Be3 Nf6 7. Bc4 O-O 8.
O-O d6 9. Qd2 Ng4 10. Nxc6 bxc6 11. Bf4 Be6 12. Bxe6 fxe6 13. f3 Qb6+ 14. Kh1
Qxb2 15. fxg4 Bxc3 16. Qe2 Rxf4 17. Rab1 Raf8 18. g3 Rxf1+ 19. Rxf1 Rxf1+ 20.
Qxf1 Qxc2 0-1

[Event "5. Open Memorial Pedro Lezcano 2012"]
[Site "Gran Canaria ESP"]
[Date "2012.04.02"]
[Round "1.36"]
[White "Lopez Pereyra, Antonio"]
[Black "Diaz Martin, Cristina"]
[Result "1-0"]
[WhiteElo "2125"]
[BlackElo "1407"]
[PlyCount "61"]
[EventDate "2012.04.02"]
[EventType "swiss"]
[EventRounds "9"]
[EventCountry "ESP"]
[Source "lmi"]
[SourceDate "2012.04.02"]

1. e4 e5 2. Nf3 Nc6 3. Bb5 a6 4. Ba4 Nf6 5. Qe2 Bc5 6. c3 Ba7 7. d3 h6 8. Nbd2
O-O 9. h3 b5 10. Bc2 d5 11. g4 dxe4 12. dxe4 Be6 13. Rg1 h5 14. g5 Nh7 15. g6
Nf6 16. Ng5 Qd7 17. gxf7+ Bxf7 18. Nxf7 Qxf7 19. Bb3 Qxb3 20. axb3 Bb6 21. Nf3
Kh8 22. Ng5 g6 23. Ne6 Rg8 24. Bg5 Ne8 25. Rd1 Nd6 26. Bf6+ Kh7 27. Rg5 Nf7 28.
Rxh5+ Nh6 29. Rd7+ Rg7 30. Rxg7+ Kh8 31. Rxh6# 1-0

[Event "5. Open Memorial Pedro Lezcano 2012"]
[Site "Gran Canaria ESP"]
[Date "2012.04.02"]
[Round "1.37"]
[White "Porretti Garcia, Guido"]
[Black "Lopez Colon, Francisco"]
[Result "0-1"]
[WhiteElo "1314"]
[BlackElo "2106"]
[PlyCount "64"]
[EventDate "2012.04.02"]
[EventType "swiss"]
[EventRounds "9"]
[EventCountry "ESP"]
[Source "lmi"]
[SourceDate "2012.04.02"]

1. e4 d6 2. Nf3 Nf6 3. d3 c5 4. e5 dxe5 5. Nxe5 Nbd7 6. Nf3 g6 7. Be2 Bg7 8.
O-O O-O 9. Nbd2 Nd5 10. Ne4 f5 11. Neg5 N7b6 12. Re1 h6 13. c4 Nb4 14. a3 Nc6
15. Nh3 g5 16. Nd2 e5 17. f3 Nd4 18. Nb3 Nxb3 19. Qxb3 Bd7 20. Be3 Ba4 21. Qc3
e4 22. Qa5 exd3 23. Bxc5 Bd4+ 24. Bxd4 Qxd4+ 25. Nf2 dxe2 26. Rxe2 Qxc4 27.
Ree1 Qb5 28. Qc3 Rac8 29. Qd4 Qc5 30. Qxc5 Rxc5 31. Re7 Rf7 32. Re8+ Bxe8 0-1

[Event "5. Open Memorial Pedro Lezcano 2012"]
[Site "Gran Canaria ESP"]
[Date "2012.04.02"]
[Round "1.38"]
[White "Sanchez Quintero, Raul"]
[Black "Quevedo Sarmiento, Jacinto"]
[Result "1-0"]
[WhiteElo "2084"]
[BlackElo "2000"]
[PlyCount "55"]
[EventDate "2012.04.02"]
[EventType "swiss"]
[EventRounds "9"]
[EventCountry "ESP"]
[Source "lmi"]
[SourceDate "2012.04.02"]

1. e4 c5 2. Nf3 Nc6 3. d3 g6 4. Be2 Bg7 5. O-O d6 6. Nc3 Nf6 7. Bg5 O-O 8. Qd2
a6 9. Bh6 Bg4 10. Bxg7 Kxg7 11. Ne1 Bxe2 12. Nxe2 e5 13. f4 Qb6 14. fxe5 dxe5
15. Ng3 h6 16. Qf2 Ng4 17. Qe2 h5 18. h3 c4+ 19. Kh1 Qe3 20. Qxe3 Nxe3 21. Rf3
h4 22. Ne2 cxd3 23. cxd3 Nxg2 24. Nxg2 f5 25. Rg1 Rh8 26. Ne3 Ne7 27. Nxf5+
Nxf5 28. Rxf5 1-0

[Event "5. Open Memorial Pedro Lezcano 2012"]
[Site "Gran Canaria ESP"]
[Date "2012.04.02"]
[Round "1.39"]
[White "Santana Rodriguez, Jose Raul"]
[Black "Capote Robayna, Nathaniel"]
[Result "0-1"]
[WhiteElo "1823"]
[BlackElo "2054"]
[PlyCount "96"]
[EventDate "2012.04.02"]
[EventType "swiss"]
[EventRounds "9"]
[EventCountry "ESP"]
[Source "lmi"]
[SourceDate "2012.04.02"]

1. d4 Nf6 2. c4 c5 3. d5 b5 4. cxb5 a6 5. b6 e6 6. Nc3 Qxb6 7. e4 exd5 8. exd5
d6 9. Bg5 Be7 10. Qb3 Qxb3 11. axb3 O-O 12. Nf3 Bg4 13. Be3 Nbd7 14. Rxa6 Rxa6
15. Bxa6 Ra8 16. Bd3 Ra1+ 17. Bb1 Bf5 18. O-O Bxb1 19. Nd2 Nb6 20. Rxb1 Rxb1+
21. Ndxb1 Nfxd5 22. Nxd5 Nxd5 23. Nc3 Nb4 24. Kf1 f5 25. Na4 Kf7 26. Ke2 Ke6
27. Bd2 Nc6 28. Bc3 g5 29. Kd3 d5 30. Nb6 Bd8 31. Na4 d4 32. Be1 Kd5 33. b4
cxb4 34. b3 Ne5+ 35. Kc2 d3+ 36. Kd2 g4 37. Nb2 Kd4 38. Kd1 Be7 39. Bd2 Ke4 40.
Bc1 Bc5 41. Ke1 f4 42. Nd1 Bd4 43. Bd2 Bc5 44. Bc1 h5 45. Bb2 Bd4 46. Bxd4 Kxd4
47. Kd2 h4 48. Nb2 h3 0-1

[Event "5. Open Memorial Pedro Lezcano 2012"]
[Site "Gran Canaria ESP"]
[Date "2012.04.02"]
[Round "1.40"]
[White "Nortes Hernandez, Pedro"]
[Black "Guedes Lopez, Mario"]
[Result "1-0"]
[WhiteElo "2048"]
[BlackElo "1476"]
[PlyCount "39"]
[EventDate "2012.04.02"]
[EventType "swiss"]
[EventRounds "9"]
[EventCountry "ESP"]
[Source "lmi"]
[SourceDate "2012.04.02"]

1. e4 e5 2. Nf3 Nc6 3. Bb5 a6 4. Bxc6 dxc6 5. O-O Bd6 6. d4 Bg4 7. dxe5 Bxf3 8.
Qxf3 Bxe5 9. Nc3 Qf6 10. Qh3 Rd8 11. f4 Bd6 12. Be3 Qh6 13. Qf3 Ne7 14. e5 Bb4
15. f5 Qh4 16. Ne4 h6 17. Bf2 Bc5 18. Bxc5 Nd5 19. g3 Qh3 20. Nf2 1-0

[Event "5. Open Memorial Pedro Lezcano 2012"]
[Site "Gran Canaria ESP"]
[Date "2012.04.03"]
[Round "2.1"]
[White "Strikovic, Aleksa"]
[Black "Illijin, Neboisa"]
[Result "1-0"]
[WhiteElo "2559"]
[BlackElo "2191"]
[PlyCount "79"]
[EventDate "2012.04.02"]
[EventType "swiss"]
[EventRounds "9"]
[EventCountry "ESP"]
[Source "lmi"]
[SourceDate "2012.04.02"]

1. c4 Nf6 2. Nc3 e6 3. e4 c5 4. Nf3 Nc6 5. Be2 d5 6. exd5 exd5 7. d4 cxd4 8.
Nxd4 Bc5 9. Nxc6 bxc6 10. O-O O-O 11. cxd5 Nxd5 12. Nxd5 cxd5 13. Bf4 Be6 14.
Rc1 Bd6 15. Bxd6 Qxd6 16. Qa4 Rab8 17. b3 Qb4 18. Qxb4 Rxb4 19. Rc5 Rd8 20. Rd1
d4 21. Kf1 g6 22. Bd3 Kg7 23. Ke2 Bd5 24. g3 g5 25. Bc4 Bxc4+ 26. Rxc4 Rxc4 27.
bxc4 Kf6 28. Kd3 Rd6 29. Re1 h5 30. Re2 Kf5 31. h3 f6 32. Re4 Ra6 33. g4+ Kg6
34. gxh5+ Kxh5 35. c5 Kg6 36. Re2 Ra3+ 37. Kxd4 Rxh3 38. c6 Kf7 39. c7 Rh8 40.
Kd5 1-0

[Event "5. Open Memorial Pedro Lezcano 2012"]
[Site "Gran Canaria ESP"]
[Date "2012.04.03"]
[Round "2.2"]
[White "Leon Varela, Luis"]
[Black "Kurajica, Bojan"]
[Result "0-1"]
[WhiteElo "2190"]
[BlackElo "2548"]
[PlyCount "109"]
[EventDate "2012.04.02"]
[EventType "swiss"]
[EventRounds "9"]
[EventCountry "ESP"]
[Source "lmi"]
[SourceDate "2012.04.02"]

1. d4 Nf6 2. c4 e6 3. Nc3 Bb4 4. f3 d5 5. a3 Bxc3+ 6. bxc3 c6 7. e3 b6 8. cxd5
cxd5 9. Bb5+ Bd7 10. Bd3 Nc6 11. Ne2 e5 12. O-O O-O 13. Ng3 Re8 14. Bd2 Rc8 15.
Qb1 Na5 16. dxe5 Rxe5 17. e4 dxe4 18. fxe4 Bb5 19. Rf3 Bxd3 20. Rxd3 Qc7 21.
Bf4 Nc4 22. Rd4 Qc5 23. Bxe5 Nxe5 24. Qb4 h5 25. Qxc5 Rxc5 26. Ne2 Nc6 27. e5
Nxe5 28. Rd8+ Kh7 29. Ra8 a5 30. Rb1 Nd5 31. a4 Rc7 32. Rd8 Nxc3 33. Nxc3 Rxc3
34. Rxb6 Rc1+ 35. Kf2 Ng4+ 36. Kf3 Ne5+ 37. Kg3 Rc3+ 38. Kf4 f6 39. Kf5 Rc4 40.
Rbb8 Nf7 41. Rd5 Rxa4 42. Ra8 Ra2 43. Ra7 Ng5 44. Kf4 Rxg2 45. Rdxa5 Rf2+ 46.
Kg3 Ne4+ 47. Kh3 Kh6 48. Re7 Re2 49. Raa7 g6 50. Reb7 f5 51. Rf7 Ng5+ 52. Kg3
h4+ 53. Kxh4 Nxf7 54. Rxf7 Rxh2+ 55. Kg3 0-1

[Event "5. Open Memorial Pedro Lezcano 2012"]
[Site "Gran Canaria ESP"]
[Date "2012.04.03"]
[Round "2.3"]
[White "Del Rio De Angelis, Salvador G"]
[Black "Martin Hernandez, Ruben"]
[Result "1-0"]
[WhiteElo "2533"]
[BlackElo "2182"]
[PlyCount "83"]
[EventDate "2012.04.02"]
[EventType "swiss"]
[EventRounds "9"]
[EventCountry "ESP"]
[Source "lmi"]
[SourceDate "2012.04.02"]

1. d4 Nf6 2. c4 g6 3. Nc3 d5 4. cxd5 Nxd5 5. g3 Bg7 6. Bg2 Nb6 7. e3 O-O 8.
Nge2 e5 9. d5 N8d7 10. O-O Nc4 11. b3 Nd6 12. Ba3 f5 13. e4 Nf6 14. exf5 gxf5
15. Rc1 Bd7 16. f4 e4 17. Qd2 Rc8 18. Nd1 Qe8 19. Ne3 Qf7 20. Rfd1 Rfd8 21. Qe1
h5 22. Bh3 Ng4 23. Bxg4 hxg4 24. Bc5 Bb5 25. Nd4 Bd7 26. a4 Bxd4 27. Bxd4 c6
28. Qb4 Ne8 29. Ba1 cxd5 30. Qd4 Kh7 31. Rxc8 Rxc8 32. Qh8+ Kg6 33. Ng2 Qh7 34.
Nh4+ Kh6 35. Qf8+ Kh5 36. Rxd5 Rc1+ 37. Kf2 e3+ 38. Kxe3 Qe7+ 39. Qxe7 Re1+ 40.
Kf2 Rxe7 41. Nxf5 Bxf5 42. Rxf5+ 1-0

[Event "5. Open Memorial Pedro Lezcano 2012"]
[Site "Gran Canaria ESP"]
[Date "2012.04.03"]
[Round "2.4"]
[White "Vega Gutierrez, Belinda"]
[Black "Herraiz Hidalgo, Herminio"]
[Result "1/2-1/2"]
[WhiteElo "2177"]
[BlackElo "2485"]
[PlyCount "76"]
[EventDate "2012.04.02"]
[EventType "swiss"]
[EventRounds "9"]
[EventCountry "ESP"]
[Source "lmi"]
[SourceDate "2012.04.02"]

1. e4 c5 2. Nf3 Nc6 3. d4 cxd4 4. Nxd4 g6 5. Nc3 Bg7 6. Be3 Nf6 7. Bc4 Qa5 8.
O-O O-O 9. Bb3 d6 10. h3 Bd7 11. Re1 Rac8 12. Nd5 Rfe8 13. Nxf6+ Bxf6 14. c3
Ne5 15. Nf3 Nc4 16. Bxc4 Rxc4 17. e5 Bxe5 18. Nxe5 Qxe5 19. Bxa7 Qg5 20. Be3
Qh4 21. Qd5 Bc6 22. Qg5 Qxg5 23. Bxg5 f6 24. Bd2 Kf7 25. b3 Re4 26. Rxe4 Bxe4
27. c4 h5 28. Rc1 g5 29. a4 h4 30. a5 Rg8 31. f3 Bc6 32. b4 f5 33. b5 Bd7 34.
c5 Bxb5 35. cxd6 exd6 36. Rc7+ Ke6 37. Rxb7 Bc6 38. Rb4 Bd5 1/2-1/2

[Event "5. Open Memorial Pedro Lezcano 2012"]
[Site "Gran Canaria ESP"]
[Date "2012.04.03"]
[Round "2.5"]
[White "Vera Gonzalez-Quevedo, Reynaldo"]
[Black "Navarro Molina, David"]
[Result "1-0"]
[WhiteElo "2482"]
[BlackElo "2168"]
[PlyCount "70"]
[EventDate "2012.04.02"]
[EventType "swiss"]
[EventRounds "9"]
[EventCountry "ESP"]
[Source "lmi"]
[SourceDate "2012.04.02"]

1. d4 Nf6 2. Nf3 e6 3. c4 c5 4. d5 exd5 5. cxd5 d6 6. Nc3 g6 7. Bf4 a6 8. a4
Bg7 9. h3 Qe7 10. e3 Nbd7 11. Be2 O-O 12. O-O Rb8 13. Re1 Ne8 14. Bf1 Ne5 15.
Nd2 Nc7 16. Bh2 b5 17. axb5 Nxb5 18. Nb3 Re8 19. Na5 Qc7 20. Qd2 Na7 21. Ra2
Rb6 22. Bxe5 Bxe5 23. Nc4 Bxc3 24. bxc3 Rb8 25. e4 Nb5 26. f4 Qe7 27. Raa1 Bb7
28. e5 Qf8 29. exd6 Rxe1 30. Rxe1 Nxd6 31. Ne5 Qd8 32. Rb1 Qc7 33. c4 Re8 34.
Qb2 a5 35. Ng4 f5 1-0

[Event "5. Open Memorial Pedro Lezcano 2012"]
[Site "Gran Canaria ESP"]
[Date "2012.04.03"]
[Round "2.6"]
[White "Rodriguez Ferraz, Borja"]
[Black "Reinaldo Castineira, Roi"]
[Result "1-0"]
[WhiteElo "2149"]
[BlackElo "2470"]
[PlyCount "65"]
[EventDate "2012.04.02"]
[EventType "swiss"]
[EventRounds "9"]
[EventCountry "ESP"]
[Source "lmi"]
[SourceDate "2012.04.02"]

1. d4 Nf6 2. c4 e6 3. Nc3 Bb4 4. Qc2 d5 5. cxd5 exd5 6. Bg5 h6 7. Bxf6 Qxf6 8.
e3 c5 9. Bb5+ Nc6 10. Nge2 cxd4 11. Nxd4 O-O 12. Rd1 Bg4 13. Be2 Be6 14. O-O
Rac8 15. Qa4 Bd6 16. Bf3 Rfd8 17. Nce2 Ne5 18. b3 a6 19. Kh1 Bd7 20. Qa5 Rc5
21. Qd2 g5 22. Ng3 Rdc8 23. Be2 Ng6 24. Bd3 Nh4 25. Bb1 Rc3 26. Nde2 Bh3 27.
Rg1 Nf3 28. Qxd5 Nxg1 29. Nxc3 Bxg3 30. Ne4 Qe5 31. Nxg3 Qxd5 32. Rxd5 Rc1 33.
Rd8+ 1-0

[Event "5. Open Memorial Pedro Lezcano 2012"]
[Site "Gran Canaria ESP"]
[Date "2012.04.03"]
[Round "2.7"]
[White "Recuero Guerra, David"]
[Black "Molina Rodriguez, Borja"]
[Result "1-0"]
[WhiteElo "2467"]
[BlackElo "2141"]
[PlyCount "61"]
[EventDate "2012.04.02"]
[EventType "swiss"]
[EventRounds "9"]
[EventCountry "ESP"]
[Source "lmi"]
[SourceDate "2012.04.02"]

1. c4 e5 2. g3 Nf6 3. Bg2 d5 4. cxd5 Nxd5 5. Nf3 Nc6 6. O-O Nb6 7. b3 Be7 8.
Bb2 f6 9. Nc3 O-O 10. Rc1 Be6 11. Ne4 Bd5 12. Nc5 Bxc5 13. Rxc5 Qd6 14. Qc1 Rf7
15. d3 a5 16. Rd1 Nb4 17. a3 Na2 18. Qc2 a4 19. bxa4 Be6 20. Rb5 Nxa4 21. Rxb7
Bd5 22. Ne1 Bxb7 23. Bxb7 Ra7 24. Bf3 Kh8 25. Qb3 Nxb2 26. Qxf7 h6 27. Qe8+ Kh7
28. Be4+ f5 29. Bxf5+ g6 30. Qf7+ Kh8 31. Bxg6 1-0

[Event "5. Open Memorial Pedro Lezcano 2012"]
[Site "Gran Canaria ESP"]
[Date "2012.04.03"]
[Round "2.8"]
[White "Acosta Sosa, Juan Manuel"]
[Black "Barlov, Dragan"]
[Result "0-1"]
[WhiteElo "2141"]
[BlackElo "2443"]
[PlyCount "44"]
[EventDate "2012.04.02"]
[EventType "swiss"]
[EventRounds "9"]
[EventCountry "ESP"]
[Source "lmi"]
[SourceDate "2012.04.02"]

1. c4 Nf6 2. Nc3 g6 3. g3 Bg7 4. Bg2 O-O 5. d3 c6 6. e4 d6 7. Nge2 Na6 8. O-O
Nc7 9. Rb1 e5 10. d4 Ne6 11. d5 Nd4 12. Nxd4 exd4 13. Qxd4 Nxd5 14. Qd3 Nxc3
15. bxc3 Qa5 16. Rb3 Be6 17. Rxb7 Qa6 18. Rb2 Bxc4 19. Qxd6 Rad8 20. Qc5 Bxf1
21. Bxf1 Rd1 22. c4 Rxc1 0-1

[Event "5. Open Memorial Pedro Lezcano 2012"]
[Site "Gran Canaria ESP"]
[Date "2012.04.03"]
[Round "2.9"]
[White "Larino Nieto, David"]
[Black "Lopez Pereyra, Antonio"]
[Result "1-0"]
[WhiteElo "2442"]
[BlackElo "2125"]
[PlyCount "55"]
[EventDate "2012.04.02"]
[EventType "swiss"]
[EventRounds "9"]
[EventCountry "ESP"]
[Source "lmi"]
[SourceDate "2012.04.02"]

1. e4 c5 2. Nc3 Nc6 3. g3 g6 4. Bg2 Bg7 5. d3 d6 6. f4 e6 7. Nf3 Nge7 8. O-O
O-O 9. Be3 Nd4 10. Bf2 f5 11. Nxd4 cxd4 12. Ne2 e5 13. c3 dxc3 14. Qb3+ Kh8 15.
bxc3 Qa5 16. d4 fxe4 17. dxe5 dxe5 18. fxe5 Bxe5 19. Bd4 Bg4 20. Qxb7 Bxe2 21.
Rxf8+ Rxf8 22. Qxe7 Bxd4+ 23. cxd4 Qf5 24. Qxe4 Qf2+ 25. Kh1 Rf5 26. Rc1 Ba6
27. Rc2 Bd3 28. Qa8+ 1-0

[Event "5. Open Memorial Pedro Lezcano 2012"]
[Site "Gran Canaria ESP"]
[Date "2012.04.03"]
[Round "2.10"]
[White "Lopez Colon, Francisco"]
[Black "Gergacz, Attila"]
[Result "0-1"]
[WhiteElo "2106"]
[BlackElo "2432"]
[PlyCount "100"]
[EventDate "2012.04.02"]
[EventType "swiss"]
[EventRounds "9"]
[EventCountry "ESP"]
[Source "lmi"]
[SourceDate "2012.04.02"]

1. d4 b6 2. e4 e6 3. a3 Bb7 4. Nc3 d5 5. exd5 exd5 6. Nf3 Nf6 7. Bg5 Be7 8.
Bb5+ c6 9. Bd3 O-O 10. O-O c5 11. Re1 Nbd7 12. Qe2 Re8 13. Bb5 Ne4 14. Nxe4
dxe4 15. Bxe7 Rxe7 16. dxc5 Nxc5 17. Rad1 Qc7 18. Nd4 a6 19. Bc4 b5 20. Ba2 Qf4
21. Qe3 Qxe3 22. Rxe3 Rd7 23. c3 a5 24. Rb1 b4 25. Bc4 Rad8 26. axb4 axb4 27.
h3 g6 28. Bb5 Rc7 29. Rc1 Nd3 30. Bxd3 Rxd4 31. Bc2 Rdc4 32. Bb3 R4c5 33. c4
Kg7 34. Ra1 f5 35. Ra4 f4 36. Re1 Rg5 37. Rxb4 e3 38. g4 fxg3 39. fxe3 Bc8 40.
Kg2 Rf7 41. Re2 Rh5 42. Kxg3 Rxh3+ 43. Kg2 Rff3 44. c5 Rhg3+ 45. Kh2 Rg5 46.
Rh4 Rxc5 47. Rc2 Rxc2+ 48. Bxc2 Rf2+ 49. Kg3 Rxc2 50. Rb4 h5 0-1

[Event "5. Open Memorial Pedro Lezcano 2012"]
[Site "Gran Canaria ESP"]
[Date "2012.04.03"]
[Round "2.11"]
[White "Fernandez Garcia, Jose Luis"]
[Black "Sanchez Quintero, Raul"]
[Result "1-0"]
[WhiteElo "2414"]
[BlackElo "2084"]
[PlyCount "80"]
[EventDate "2012.04.02"]
[EventType "swiss"]
[EventRounds "9"]
[EventCountry "ESP"]
[Source "lmi"]
[SourceDate "2012.04.02"]

1. e4 d6 2. d4 Nf6 3. Nc3 e5 4. dxe5 dxe5 5. Qxd8+ Kxd8 6. Bg5 c6 7. Nf3 Nbd7
8. Bc4 Ke8 9. O-O-O a6 10. Bh4 b5 11. Bb3 Bc5 12. Rhe1 a5 13. a4 b4 14. Nb1 Bb6
15. Nbd2 Ba6 16. Bc4 Bb7 17. Bf1 Ng4 18. Nc4 Bc7 19. h3 Nh6 20. Bg5 f6 21. Bxh6
gxh6 22. Nh4 Ba6 23. Nf5 Rg8 24. Ncd6+ Bxd6 25. Nxd6+ Kf8 26. Bxa6 Rxa6 27. Nf5
Ra7 28. g3 h5 29. Rd6 Rc7 30. Red1 Ke8 31. Re6+ Kd8 32. Rxf6 Rh8 33. Rfd6 Re8
34. Rh6 Rh8 35. b3 Kc8 36. Ne7+ Kb7 37. Ng6 Rg8 38. Rxh7 Rxg6 39. Rdxd7 Rxd7
40. Rxd7+ Kb6 1-0

[Event "5. Open Memorial Pedro Lezcano 2012"]
[Site "Gran Canaria ESP"]
[Date "2012.04.03"]
[Round "2.12"]
[White "Capote Robayna, Nathaniel"]
[Black "Espinosa Aranda, Angel"]
[Result "0-1"]
[WhiteElo "2054"]
[BlackElo "2399"]
[PlyCount "70"]
[EventDate "2012.04.02"]
[EventType "swiss"]
[EventRounds "9"]
[EventCountry "ESP"]
[Source "lmi"]
[SourceDate "2012.04.02"]

1. e4 c5 2. Nf3 Nc6 3. d4 cxd4 4. Nxd4 Nf6 5. Nc3 d6 6. Bg5 Qa5 7. Bxf6 gxf6 8.
Nb3 Qg5 9. Nd5 Rb8 10. f4 Qg6 11. Qd3 Bh6 12. g3 O-O 13. O-O-O Bd7 14. Kb1 Rbc8
15. Be2 f5 16. e5 Bg7 17. Nd4 Rfe8 18. Nf3 dxe5 19. fxe5 Nxe5 20. Nxe5 Bxe5 21.
Qe3 Bd6 22. Nf4 Qh6 23. Qb3 b5 24. Bh5 Rc4 25. Be2 Rb4 26. Qe3 Bc6 27. Rhg1 Qf6
28. c3 Re4 29. Qxa7 b4 30. Qb6 Ba4 31. Bb5 Bxb5 32. Qxb5 Rc8 33. Rd5 bxc3 34.
Rxf5 c2+ 35. Kc1 Qd4 0-1

[Event "5. Open Memorial Pedro Lezcano 2012"]
[Site "Gran Canaria ESP"]
[Date "2012.04.03"]
[Round "2.13"]
[White "Cabrera Trujillo, Jorge"]
[Black "Nortes Hernandez, Pedro"]
[Result "1-0"]
[WhiteElo "2357"]
[BlackElo "2048"]
[PlyCount "41"]
[EventDate "2012.04.02"]
[EventType "swiss"]
[EventRounds "9"]
[EventCountry "ESP"]
[Source "lmi"]
[SourceDate "2012.04.02"]

1. d4 e6 2. e4 c5 3. d5 Nf6 4. Nc3 exd5 5. exd5 d6 6. Bb5+ Bd7 7. a4 Bxb5 8.
axb5 g6 9. Nf3 Qe7+ 10. Ne2 Bg7 11. O-O O-O 12. Re1 Ne4 13. Ng3 f5 14. Ng5 Bd4
15. N3xe4 fxe4 16. Nxe4 Qf7 17. Bh6 Bxf2+ 18. Nxf2 Qxf2+ 19. Kh1 Rd8 20. Rf1
Qh4 21. Qf3 1-0